Literature with style
| Main Author: | |
|---|---|
| Format: | Book |
| Published: |
Melbourne :
Longman Cheshire Pty Ltd. ,
1991
|
| Subjects: |
MARC
| LEADER | 00000cam a2200000 7i4500 | ||
|---|---|---|---|
| 001 | 0000008427 | ||
| 002 | 000009185 | ||
| 005 | 20000330.0 | ||
| 020 | |a 0582665604 | ||
| 090 | 0 | 0 | |a 808.3 |b MON |
| 100 | 1 | |a Monahan, Sean | |
| 245 | 1 | 0 | |a Literature with style |c Sean Monahan |
| 260 | |a Melbourne : |b Longman Cheshire Pty Ltd. , |c 1991 | ||
| 300 | |a 311p. ; |c 24cm. | ||
| 650 | 0 | 0 | |a Creative writing |
| 650 | 0 | 0 | |a Fiction |x Technique |
| 999 | |a 027564 |b BUKU |c PINJAMAN |e PERPUSTAKAAN KOMUNITI PETALING JAYA | ||